00687nam a22002177a 4500003000500000005001700005008004100022010001000063011001000073035001000083040000900093100002400102245009900126260003800225300001000263490004600273650002400319650002900343710005100372830004600423CHAP20220329141217.0971010s1975 r 00010 d a64418 a65390 a72105 cCHAP00aLakshminarayana, S.1 aEvaluación de formulaciones de cera de candelilla con limón mexicano (Citrus aurantifolia) aMéxico, D.F. :bCONAFRUT,c1975 a22 p. aSerie Investigaciones fisiológicasv; 714aCera de candelilla.14aLimónxPreservación.0 aComisión Nacional de Fruticultura. México.0 aSerie Investigaciones fisiológicasv; 7